Most goals in single Premier League season Quiz Stats

 Plays Quiz not verified by Sporcle

Challenge
Share
Tweet
Embed
Score 0/292 Timer 20:00
3 Plays Today
Goals Player % Correct
32Mo Salah
98.3%
16Wayne Rooney
97.5%
14Wayne Rooney
97.5%
26Wayne Rooney
97.5%
27Wayne Rooney
97.4%
30Harry Kane
97.2%
16Alan Shearer
97.2%
31Alan Shearer
97.2%
34Alan Shearer
97.2%
31Alan Shearer
97.2%
25Alan Shearer
97.2%
23Alan Shearer
97.2%
23Alan Shearer
97.2%
22Alan Shearer
97.2%
17Alan Shearer
97.2%
14Alan Shearer
97.2%
17Wayne Rooney
97.1%
17Thierry Henry
97%
17Thierry Henry
97%
24Thierry Henry
97%
24Thierry Henry
97%
25Thierry Henry
97%
30Thierry Henry
97%
27Thierry Henry
97%
29Harry Kane
96.3%
29Didier Drogba
96.1%
20Didier Drogba
96.1%
25Harry Kane
95.9%
26Sergio Aguero
95.7%
31Luis Suarez
95.7%
24Sergio Aguero
95.6%
21Sergio Aguero
95.5%
30Robin van Persie
95.1%
20Sergio Aguero
94.9%
17Sergio Aguero
94.9%
21Harry Kane
94.7%
26Robin van Persie
94.7%
24Jamie Vardy
94.2%
31Cristiano Ronaldo
93.7%
17Cristiano Ronaldo
93.7%
18Cristiano Ronaldo
93.7%
34Andy Cole
93.5%
21Andy Cole
93.5%
16Andy Cole
93.5%
19Andy Cole
93.5%
15Andy Cole
93.5%
13Andy Cole
93.5%
13Jamie Vardy
93.1%
25Romelu Lukaku
92.6%
22Frank Lampard
92.5%
13Frank Lampard
92.5%
16Frank Lampard
92.5%
20Jamie Vardy
92.4%
15Frank Lampard
91.8%
16Romelu Lukaku
91%
23Luis Suarez
90.9%
24Fernando Torres
90.6%
14Fernando Torres
90.6%
23Sergio Aguero
90.6%
18Fernando Torres
90.6%
15Demba Ba
90.4%
16Demba Ba
90.2%
18Romelu Lukaku
89.8%
15Jermain Defoe
89.7%
18Michael Owen
89.5%
19Michael Owen
89.5%
16Michael Owen
89.5%
18Michael Owen
89.5%
19Michael Owen
89.5%
16Michael Owen
89.5%
24Alexis Sanchez
89.4%
13Steven Gerrard
89.3%
18Robin van Persie
89.2%
25Robbie Fowler
88.8%
28Robbie Fowler
88.8%
18Robbie Fowler
88.8%
14Robbie Fowler
88.7%
15Robbie Fowler
88.8%
23Ruud van Nistelrooy
88.7%
25Ruud van Nistelrooy
88.7%
21Ruud van Nistelrooy
88.7%
20Ruud van Nistelrooy
88.7%
22Daniel Sturridge
88.6%
15Jermain Defoe
88.5%
18Darren Bent
87.4%
13Darren Bent
87.4%
24Darren Bent
87.4%
23Carlos Tevez
87.2%
14Carlos Tevez
87.2%
13Alexis Sanchez
86.8%
20Diego Costa
86.7%
20Diego Costa
86.6%
16Steven Gerrard
86%
16Alexis Sanchez
85.2%
15Romelu Lukaku
85%
14Olivier Giroud
85%
17Riyad Mahrez
84.9%
17Dwight Yorke
84.8%
Goals Player % Correct
17Dwight Yorke
84.8%
18Dwight Yorke
84.8%
20Dwight Yorke
84.8%
16Olivier Giroud
84.7%
15Dimitar Berbatov
84.1%
16Eden Hazard
84%
15Dimitar Berbatov
83.6%
13Jermain Defoe
82.9%
18Jermain Defoe
82.9%
15Christian Benteke
82.7%
13Christian Benteke
82.7%
20Yaya Toure
82.6%
16Olivier Giroud
82.5%
16Edin Dzeko
82.4%
17Darren Bent
82.1%
18Raheem Sterling
82%
25Matt le Tissier
82%
15Matt le Tissier
82%
19Matt le Tissier
82%
13Matt le Tissier
82%
21Carlos Tevez
81.9%
15Ian Wright
81.9%
23Ian Wright
81.9%
18Ian Wright
81.9%
15Ian Wright
81.9%
23Ian Wright
81.9%
30Kevin Phillips
81.8%
14Kevin Phillips
81.8%
22Teddy Sheringham
81.3%
18Teddy Sheringham
81.3%
16Teddy Sheringham
81.3%
15Teddy Sheringham
81.3%
14Teddy Sheringham
81.3%
21Gareth Bale
81%
14Eden Hazard
80.8%
21Dimitar Berbatov
80.2%
18Dele Alli
79.3%
24Les Ferdinand
79%
16Les Ferdinand
79%
20Les Ferdinand
79%
25Les Ferdinand
79%
16Les Ferdinand
79%
16Dennis Bergkamp
78.3%
15Nicolas Anelka
78.1%
16Nicolas Anelka
78.1%
19Nicolas Anelka
78.1%
16Nicolas Anelka
78.1%
14Edin Dzeko
78.1%
13Ryan Giggs
77.9%
19Christian Benteke
77.8%
14Edin Dzeko
77.7%
24Emmanuel Adebayor
77.4%
14Emmanuel Adebayor
77.4%
17Emmanuel Adebayor
77.2%
15Roberto Firmino
76.5%
14Eden Hazard
76.3%
14Paul Scholes
76.3%
14Robbie Keane
75.9%
16Robbie Keane
75.9%
15Robbie Keane
75.9%
17Mark Viduka
75.9%
20Mark Viduka
75.9%
14Mark Viduka
75.9%
18Jimmy Floyd Hasselbaink
75.6%
23Jimmy Floyd Hasselbaink
75.6%
23Jimmy Floyd Hasselbaink
75.6%
16Jimmy Floyd Hasselbaink
75.5%
13Jimmy Floyd Hasselbaink
75.5%
17Zlatan Ibrahimovic
75.4%
18Eric Cantona
74.9%
15Eric Cantona
74.9%
14Eric Cantona
74.9%
17Romelu Lukaku
74.2%
13Troy Deeney
73.6%
13Sadio Mane
73.4%
17Wilfried Bony
73.3%
13Papiss Cisse
72.9%
21Andy Johnson
72.5%
18Charlie Austin
71.6%
13Philippe Coutinho
71.5%
25Chris Sutton
70.6%
15Chris Sutton
70.6%
18Chris Sutton
70.6%
18Ole Gunnar Solskjaer
69.8%
17Ole Gunnar Solskjaer
69.8%
13Gianfranco Zola
68.7%
14Gianfanco Zola
68.7%
14Robert Pires
67.9%
14Robert Pires
67.9%
14Robert Pires
67.9%
18Michu
67.7%
13Rickie Lambert
67.1%
16Joshua King
65.9%
13Gabriel Jesus
65.1%
15Odion Ighalo
64.4%
14Son Heung-min
64.4%
14Alexandre Lacazette
64.4%
16Yakubu Ayegbeni
64.1%
Goals Player % Correct
13Yakubu Ayegbeni
64.1%
13Yakubu Ayegbeni
64.1%
15Yakubu Ayegbeni
64.1%
17Ayegbeni Yakubu
64%
14Emile Heskey
62.9%
14Theo Walcott
62.9%
15Rickie Lambert
62.5%
20Louis Saha
62.2%
13Louis Saha
62.2%
14Dion Dublin
60.5%
18Dion Dublin
60.5%
13Dion Dublin
60.5%
14Dion Dublin
60.5%
13Dion Dublin
60.6%
15Cesc Fabregas
59.9%
23James Beattie
58.8%
14James Beattie
58.8%
20Jurgen Klinsmann
58.7%
15Mark Hughes
57.9%
14Harry Kewell
57.5%
13Gabriel Agbonlahor
57.4%
15Fernando Llorente
56%
15Jay Rodriguez
55.1%
17Clint Dempsey
54%
14Saido Berahino
53.6%
19Roque Santa Cruz
53.6%
13Javier Hernandez
53.2%
14Kevin Campbell
52.6%
14Stan Collymore
52.5%
22Stan Collymore
52.5%
15Grant Holt
52.1%
13Mario Balotelli
51.3%
14Ian Rush
51.2%
14Ian Rush
51.1%
14Niall Quinn
51.1%
17Micky Quinn
51%
13DJ Campbell
50.6%
16Paolo di Canio
50.3%
13Dirk Kuyt
49%
21Peter Beardsley
48.6%
13Peter Beardsley
48.6%
13Andy Carroll
45.8%
14Robinho
44.6%
13Florent Malouda
44.2%
13Craig Bellamy
43.7%
14Eidur Gudjohnsen
42.9%
13Kevin Doyle
40.4%
15Peter Odemwingie
39.7%
18Benni McCarthy
39.5%
14Loic Remy
39%
19Marcus Stewart
38.8%
16Fabrizio Ravanelli
38.3%
16Juan Pablo Angel
37.7%
13Rafael van der Vaart
37.6%
13John Carew
35.9%
16Andrei Kanchelskis
35.2%
14Andrei Kanchelskis
35.2%
14Marian Pahars
35.2%
13Marian Pahars
35.2%
17Mikael Forssell
35.1%
19Dean Holdsworth
33.8%
17Dean Holdsworth
33.8%
15Chris Armstrong
33.5%
15Chris Armstrong
33.5%
14Chris Armstrong
33.5%
13Tony Cottee
32.4%
16Tony Cottee
32.4%
13Tony Cottee
32.4%
15Brian Deane
32.2%
16John Hartson
32.1%
15John Hartson
32.1%
14Darren Huckerby
31.6%
15Benjani
30.1%
19Michael Bridges
30.1%
13Paolo Wanchope
28.8%
19Mark Bright
28.2%
13David Hirst
26.1%
14Steffen Iversen
25.6%
15Dean Saunders
23.4%
14Dean Saunders
23.4%
16Kevin Gallacher
22.9%
14Paul Rideout
21.2%
17Rod Wallace
21%
13Bryan Roy
20.1%
15Hamilton Ricard
19.9%
15Uwe Rosler
19.8%
14Marlon Harewood
19.4%
14Lee Chapman
18.3%
14Julian Joachim
16.8%
15Mark Robins
16.7%
16David White
16.3%
13John Spencer
15.5%
13Mark Stein
14.3%
13Mike Newell
14.2%
15Paul Wilkinson
7.3%
13Trevor Morley
7%

You're not logged in!

Compare scores with friends on all Sporcle quizzes.
OR
Log In

You Might Also Like...

Show Comments

Extras

Top Quizzes Today


Score Distribution

Your Account Isn't Verified!

In order to create a playlist on Sporcle, you need to verify the email address you used during registration. Go to your Sporcle Settings to finish the process.

Report this User

Report this user for behavior that violates our Community Guidelines.

Details: